Effect of supplementation shrimp by-product and fish celery cabbage in C.P concentrate on rate growth of avian broiler at royal university of agriculture, ឥទ្ធិពលនៃការបន្ថែមបង្គា​ និងស្ពៃឆ្កឹះស្រស់លើចំណីក្រុមហ៊ុនស៊ី.ភីលើការលូតលាស់មាន់សាច់AVIAN នៅសាកលវិទ្យាល័យភូមិន្ទកសិកម្ម (Record no. 2471)

000 -LEADER
fixed length control field 00846nam a22001337a 4500
040 ## - CATALOGING SOURCE
Transcribing agency RUA
082 ## - DEWEY DECIMAL CLASSIFICATION NUMBER
Classification number AVM PEC 2010 B096 Or.1
100 ## - MAIN ENTRY--AUTHOR NAME
Personal name PECH, SOPHAK.
245 ## - TITLE STATEMENT
Title Effect of supplementation shrimp by-product and fish celery cabbage in C.P concentrate on rate growth of avian broiler at royal university of agriculture, ឥទ្ធិពលនៃការបន្ថែមបង្គា​ និងស្ពៃឆ្កឹះស្រស់លើចំណីក្រុមហ៊ុនស៊ី.ភីលើការលូតលាស់មាន់សាច់AVIAN នៅសាកលវិទ្យាល័យភូមិន្ទកសិកម្ម
260 ## - PUBLICATION, DISTRIBUTION, ETC. (IMPRINT)
Place of publication Phnom Penh
Name of publisher RUA
Year of publication 2010
300 ## - PHYSICAL DESCRIPTION
Number of Pages x; 41p.
Other physical details ill.
Dimensions 29cm.
856 ## - ELECTRONIC LOCATION AND ACCESS
Uniform Resource Identifier https://drive.google.com/file/d/1J4XjCdKVhj2Tl7eyoY55UnsoFYO9ytm3/view?usp=sharing
942 ## - ADDED ENTRY ELEMENTS (KOHA)
Koha item type AVM
952 ## - LOCATION AND ITEM INFORMATION (KOHA)
Withdrawn status [LOCAL, KOHA] 0
952 ## - LOCATION AND ITEM INFORMATION (KOHA)
Withdrawn status [LOCAL, KOHA] 0
952 ## - LOCATION AND ITEM INFORMATION (KOHA)
Withdrawn status [LOCAL, KOHA] 0
952 ## - LOCATION AND ITEM INFORMATION (KOHA)
Withdrawn status [LOCAL, KOHA] 0
952 ## - LOCATION AND ITEM INFORMATION (KOHA)
Withdrawn status [LOCAL, KOHA] 0
952 ## - LOCATION AND ITEM INFORMATION (KOHA)
Withdrawn status [LOCAL, KOHA] 0
952 ## - LOCATION AND ITEM INFORMATION (KOHA)
Withdrawn status [LOCAL, KOHA] 0
952 ## - LOCATION AND ITEM INFORMATION (KOHA)
Withdrawn status [LOCAL, KOHA] 0
Holdings
Permanent Location Date acquired Koha item type Lost status Shelving location Barcode Current Location Full call number
Library Block B2015-10-21AVM B096RUA017277Library Block BAVM PEC 2010 B096 Or.1
Library Block B2015-10-21AVM B096RUA016732Library Block BAVM PEC 2010 B096 Or.2
Library Block B2015-10-21AVM B096RUA016530Library Block BAVM PEC 2010 B096 Or.3
Library Block B2015-10-21AVM B096RUA016543Library Block BAVM PEC 2010 B096 Or.4
Library Block B2015-10-21AVM B096RUA016687Library Block BAVM PEC 2010 B096 Or.5
Library Block B2015-10-21AVM B096RUA019929Library Block BAVM PEC 2010 B096 Or.6
Library Block B2015-10-21AVM B096RUA019708Library Block BAVM PEC 2010 B096 Or.7
Library Block B2019-05-27AVM B1.234A37316Library Block BAVM PEC 2010 B1.234 Or.1
មជ្ឈមណ្ឌលឯការនៃសាកលវិទ្យាល័យភូមិន្ទកសិកម្មចំការដូង

Powered by Koha